Women centre stage : (Record no. 40992)

MARC details
000 -LEADER
fixed length control field 00689nam a22001937a 4500
005 - DATE AND TIME OF LATEST TRANSACTION
control field 20100811140015.0
010 ## - LCCN (DPL NO)
LC control number ENG-99617
020 ## - INTERNATIONAL STANDARD BOOK NUMBER
International Standard Book Number 9780415563147
Terms of availability 450.00
035 ## - SYSTEM CONTROL NUMBER
System control number EN-83149
037 ## - SOURCE OF ACQUISITION
Source of stock number/acquisition DBAD/PUB
082 ## - DEWEY DECIMAL CLASSIFICATION NUMBER
Classification number 883
100 ## - MAIN ENTRY--PERSONAL NAME
Personal name Sengupta, Poile
245 ## - TITLE STATEMENT
Title Women centre stage :
Remainder of title the dramatist and the play /
Statement of responsibility, etc by Poile Sengupta
260 ## - PUBLICATION, DISTRIBUTION, ETC. (IMPRINT)
Place of publication, distribution, etc New Delhi
Name of publisher, distributor, etc Routledge Taylor & Francis Group
Date of publication, distribution, etc 2010
270 ## - ADDRESS
Address 912-915 Tolstoy House, 15-17 Tolstoy Marg
City New Delhi
Postal code 110001
300 ## - PHYSICAL DESCRIPTION
Extent xv, 347p.
Dimensions 21cm (pbk)
942 ## - ADDED ENTRY ELEMENTS (KOHA)
Source of classification or shelving scheme Dewey Decimal Classification
Item type English Books
Classification part 883
Call number suffix SEN
Holdings
Withdrawn status Lost status Not for loan Collection code Home library Current library Date acquired Source of acquisition Cost, normal purchase price Full call number Barcode Copy number Cost, replacement price Koha item type
    Not For Loan Non-fiction D.B.Act.Division D.B.Act.Division 11/08/2010 DBAD/PUB 450.00 883 SEN EN-83149 1 450.00 English Books

© Delhi Public Library
Hit Counter
free hit counter